000 01075nam a22003135a 4500
001 16602779
005 20110107093541.0
008 110107s2011 nyu 000 0 eng
010 _a 2011920385
020 _a1111036357
020 _a9781111036355
040 _aDLC
_cDLC
042 _apcc
082 _222
_a660.2804
_bTHO
100 1 _aThomas, Charles E.
_924640
245 1 0 _aProcess Technology :
_bSafety, Health and Environment /
_cCharles E. Thomas.
250 _a3rd ed.
260 _aClifton Park, NY :
_bCengage/Wadsworth, 2012
_c2012
263 _a1101
300 _a331 p. ;
_c28 cm.
500 _aIncludes index
650 _924637
_aChemical processes
_xSafety measures
650 _924638
_aChemical engineering
_xSafety measures
650 _924639
_aChemical engineers
_xHealth and hygiene
653 _bpet
_cJune2011
_bpet
_cJune2011
942 _2ddc
_cBB
999 _c15536
_d15536